Jean Guilaine, s. dir., Premiers paysans du Monde. Naissance des agricultures, Paris, Éditions Errance, 2000, 320 p., bibl. (notice n° 2069139)
[ vue normale ]
| 000 -LEADER | |
|---|---|
| fixed length control field | 01245cam a2200157 4500500 |
| 005 - DATE AND TIME OF LATEST TRANSACTION | |
| control field | 20260405003610.0 |
| 041 ## - LANGUAGE CODE | |
| Language code of text/sound track or separate title | fre |
| 042 ## - AUTHENTICATION CODE | |
| Authentication code | dc |
| 100 10 - MAIN ENTRY--PERSONAL NAME | |
| Personal name | Masset, Claude |
| Relator term | author |
| 245 00 - TITLE STATEMENT | |
| Title | Jean Guilaine, s. dir., Premiers paysans du Monde. Naissance des agricultures, Paris, Éditions Errance, 2000, 320 p., bibl. |
| 260 ## - PUBLICATION, DISTRIBUTION, ETC. | |
| Date of publication, distribution, etc. | 2002.<br/> |
| 500 ## - GENERAL NOTE | |
| General note | 55 |
| 520 ## - SUMMARY, ETC. | |
| Summary, etc. | L’article porte sur un dispositif de formation continue d’enseignants de cycle 3 à l’enseignement de l’orthographe. La formation propose trois situations pour la classe à même de favoriser le transfert progressif des connaissances grammaticales des élèves vers la production écrite, en privilégiant l’observation linguistique, la verbalisation métagraphique et le raisonnement grammatical : les corpus d’apprentissage, la phrase dictée ciblée, la production d’écrits courts. En formation, les enseignants vivent les situations proposées aux élèves et sont amenés à questionner les notions linguistiques, les compétences en jeu et les gestes professionnels efficaces. |
| 786 0# - DATA SOURCE ENTRY | |
| Note | L'Homme | 162 | 2 | 2002-06-01 | p. 309m-340m | 0439-4216 |
| 856 41 - ELECTRONIC LOCATION AND ACCESS | |
| Uniform Resource Identifier | <a href="https://shs.cairn.info/revue-l-homme-2002-2-page-309m?lang=fr&redirect-ssocas=7080">https://shs.cairn.info/revue-l-homme-2002-2-page-309m?lang=fr&redirect-ssocas=7080</a> |
Pas d'exemplaire disponible.




Réseaux sociaux